000 00398nam a2200181Ia 4500
001 14709
005 20260306164934.0
008 260306t2009||||xx |||||||||||||| ||spa||
041 _aESP
082 _a516
_bB17
100 _aBaldor, Aurelio
_eAUT
245 0 _aGeometrĂ­a y trigonometrĂ­a
260 _c2009
300 _a
_c
650 _aGEN
654 _aCMA
942 _cLIB
_dJUS
_fJUS
_2ddc
_n
999 _c14709
_d14709